| 000 | 00878nam a2200265 a 4500 | ||
|---|---|---|---|
| 999 |
_c2699 _d2699 |
||
| 001 | 7152 | ||
| 003 | BD-DhUAP | ||
| 005 | 20210130135340.0 | ||
| 008 | 200226r20031993enka b 001 0 eng d | ||
| 020 | _a0714838985 | ||
| 020 | _a0714828092 | ||
| 040 |
_aDLC _cDLC _dBD-DhUAP _bEng |
||
| 082 | 0 | 0 |
_223 _a720.92 BUC |
| 100 | 1 |
_aBuchanan, Peter. _930176 |
|
| 245 | 1 | 0 |
_aRenzo Piano Building Workshop : _bcomplete works / _cPeter Buchanan. |
| 260 |
_aNew York : _bPhaidon Press, _cc1993 [Reprinted 2003] |
||
| 300 |
_avolumes : _billustrations ; _c31 cm. |
||
| 504 | _aIncludes bibliographical references and indexes. | ||
| 505 | _aV. 1-- | ||
| 610 | 2 | 0 |
_aRenzo Piano Building Workshop _xThemes, motives. _930180 |
| 650 | 0 |
_aArchitecture, Modern _y20th century _xDesigns and plans. _930181 |
|
| 942 |
_2ddc _cBK |
||